Statistics for Guess the Country by Every Other Letter Missing #4

Click here to take the quiz!

General Stats

  • This quiz has been taken 42 times
  • The average score is 20 of 24

Answer Stats

HintCountry% Correct
Dmcai Rpbi o te CnoDemocratic Republic of the Congo
98%
MncMonaco
98%
Nw ZaadNew Zealand
98%
YmnYemen
98%
BlrsBelarus
95%
NcrgaNicaragua
95%
Suh KraSouth Korea
95%
TvlTuvalu
93%
EudrEcuador
90%
PrgaParaguay
90%
PrPeru
90%
Gie-BsaGuinea-Bissau
88%
Sit Vnet ad te GeaieSaint Vincent and the Grenadines
88%
FacFrance
83%
KwiKuwait
83%
UrieUkraine
83%
BrniBurundi
80%
SmaSamoa
80%
IaIran
66%
IaIraq
66%
McoeiMicronesia
63%
MnoiMongolia
61%
SoeiSlovenia
61%
MloaMoldova
59%

Score Distribution

Percentile by Number Answered

Percent of People with Each Score

Your Score History

You have not taken this quiz